<?xml version='1.0' encoding='UTF-8'?>
  <record xmlns="http://www.loc.gov/MARC21/slim">
    <leader>00000cam a2200000 i 4500</leader>
    <controlfield tag="001">on1395943635</controlfield>
    <controlfield tag="003">OCoLC</controlfield>
    <controlfield tag="005">20231010043648.2</controlfield>
    <controlfield tag="008">230901m15831584sz            000 0 lat d</controlfield>
    <datafield tag="040" ind1=" " ind2=" ">
      <subfield code="a">QGJ</subfield>
      <subfield code="b">eng</subfield>
      <subfield code="e">rda</subfield>
      <subfield code="e">dcrmr</subfield>
      <subfield code="c">QGJ</subfield>
      <subfield code="d">QGJ</subfield>
    </datafield>
    <datafield tag="035" ind1=" " ind2=" ">
      <subfield code="a">(OCoLC)1395943635</subfield>
    </datafield>
    <datafield tag="100" ind1="1" ind2=" ">
      <subfield code="a">Sadeel, Antoine de,</subfield>
      <subfield code="d">1534-1591,</subfield>
      <subfield code="e">author.</subfield>
      <subfield code="4">aut</subfield>
    </datafield>
    <datafield tag="245" ind1="1" ind2="0">
      <subfield code="a">Ad repetita F. Turriani monachi iesuitae Sophismata de ecclesia et ordinationibus ministrorum Ecclesiae, Responsio. :</subfield>
      <subfield code="b">In qua refelluntur omnes tum responsiones, tum objectiones a Turriano propositae in libro defensionis Sophismatum, quem ille perperam, Defensionem locorum Scripturae, inscripsit.  ... /</subfield>
      <subfield code="c">Authore A. Sadeele</subfield>
    </datafield>
    <datafield tag="246" ind1="3" ind2=" ">
      <subfield code="a">Responsionis ad repetita F. Turriani monachi iesuitae sophismata de Ecclesia &amp; ordinationibus Ministrorum Ecclesiae, pars altera. Additi sunt centu[m] Flosculi Turrianicae Disputationis, ex utroque eius libro decerpti, &amp; in Iesuitatum gratiam collecti</subfield>
    </datafield>
    <datafield tag="250" ind1=" " ind2=" ">
      <subfield code="a">Editio secunda in qua adiectus est Index elegtikos Repetitionum &amp; tautologiôn Turriani collectus ex tertio eius libro quem Dibiblon, sive Bipartitum inscripsit. In quo nihil novi attulit praeter graecam inscriptionem &amp; crassos aliquot errares, quibus superiores illos suos, adeóque seipsum superavit. Accessit tractatus De legitima vocatione pastorum Ecclesiae reformatae.</subfield>
    </datafield>
    <datafield tag="264" ind1=" " ind2="1">
      <subfield code="a">Morgiis, :</subfield>
      <subfield code="b">Venundantur in officina Typographica Io. le Preux , Illustr. Do. Bernensium typographus.,</subfield>
      <subfield code="c">M. D. LXXXIII.-M. D. LXXXIIII. [1583-1584]</subfield>
    </datafield>
    <datafield tag="300" ind1=" " ind2=" ">
      <subfield code="a">2 volumes ([16], 550, 85; [16], 536 pages)</subfield>
      <subfield code="c">17 cm (8vo)</subfield>
    </datafield>
    <datafield tag="336" ind1=" " ind2=" ">
      <subfield code="a">text</subfield>
      <subfield code="b">txt</subfield>
      <subfield code="2">rdacontent</subfield>
    </datafield>
    <datafield tag="337" ind1=" " ind2=" ">
      <subfield code="a">unmediated</subfield>
      <subfield code="b">n</subfield>
      <subfield code="2">rdamedia</subfield>
    </datafield>
    <datafield tag="338" ind1=" " ind2=" ">
      <subfield code="a">volume</subfield>
      <subfield code="b">nc</subfield>
      <subfield code="2">rdacarrier</subfield>
    </datafield>
    <datafield tag="340" ind1=" " ind2=" ">
      <subfield code="m">8vo</subfield>
      <subfield code="2">rdabf</subfield>
    </datafield>
    <datafield tag="500" ind1=" " ind2=" ">
      <subfield code="a">Elegtikos, tautologiôn and Dibiblon in Greek script.</subfield>
    </datafield>
    <datafield tag="500" ind1=" " ind2=" ">
      <subfield code="a">Volume 2 titled: Responsionis ad repetita F. Turriani monachi iesuitae sophismata de Ecclesia &amp; ordinationibus Ministrorum Ecclesiae, pars altera. Additi sunt centu[m] Flosculi Turrianicae Disputationis, ex utroque eius libro decerpti, &amp; in Iesuitatum gratiam collecti.</subfield>
    </datafield>
    <datafield tag="500" ind1=" " ind2=" ">
      <subfield code="a">Volume 2 without edition statement.</subfield>
    </datafield>
    <datafield tag="500" ind1=" " ind2=" ">
      <subfield code="a">On title page coat of arms of Bern.</subfield>
    </datafield>
    <datafield tag="500" ind1=" " ind2=" ">
      <subfield code="a">Volume 1 printed in Geneva (GLN 15-16).</subfield>
    </datafield>
    <datafield tag="500" ind1=" " ind2=" ">
      <subfield code="a">Volume 1 contains with separate title page, paging and signing: De legitima vocatione pastorum ecclesiae reformatae. : Aduersus eos, qui in hoc tantùm capite se ab Ecclesia reformata dissentire profitentur, Ex libro de Disciplina Ecclesiastica.</subfield>
    </datafield>
    <datafield tag="500" ind1=" " ind2=" ">
      <subfield code="a">Signatures: volume 1: *⁸ a-z⁸ 2a-2l⁸ 2m⁴ A-E⁸ F⁴; volume 2: ¶⁸ a-z⁸ A-K⁸ L⁴.</subfield>
    </datafield>
    <datafield tag="510" ind1="4" ind2=" ">
      <subfield code="a">GLN 15-16,</subfield>
      <subfield code="c">2987</subfield>
    </datafield>
    <datafield tag="510" ind1="4" ind2=" ">
      <subfield code="a">GLN 15-16,</subfield>
      <subfield code="c">5573</subfield>
    </datafield>
    <datafield tag="600" ind1="1" ind2="0">
      <subfield code="a">Torres, Francisco,</subfield>
      <subfield code="d">approximately 1509-1584.</subfield>
    </datafield>
    <datafield tag="650" ind1=" " ind2="0">
      <subfield code="a">Church</subfield>
      <subfield code="v">Controversial literature.</subfield>
    </datafield>
    <datafield tag="650" ind1=" " ind2="0">
      <subfield code="a">Ordination</subfield>
      <subfield code="v">Controversial literature.</subfield>
    </datafield>
    <datafield tag="650" ind1=" " ind2="6">
      <subfield code="a">Ordre (Sacrement)</subfield>
      <subfield code="v">Ouvrages de controverse.</subfield>
    </datafield>
    <datafield tag="650" ind1=" " ind2="7">
      <subfield code="a">Church</subfield>
      <subfield code="2">fast</subfield>
    </datafield>
    <datafield tag="650" ind1=" " ind2="7">
      <subfield code="a">Ordination</subfield>
      <subfield code="2">fast</subfield>
    </datafield>
    <datafield tag="655" ind1=" " ind2="7">
      <subfield code="a">Controversial literature</subfield>
      <subfield code="2">fast</subfield>
    </datafield>
    <datafield tag="700" ind1="1" ind2="2">
      <subfield code="i">Container of (work)</subfield>
      <subfield code="a">Sadeel, Antoine de,</subfield>
      <subfield code="d">1534-1591.</subfield>
      <subfield code="t">De legitima vocatione pastorum ecclesiae reformatae.</subfield>
    </datafield>
    <datafield tag="700" ind1="0" ind2=" ">
      <subfield code="a">Wilhelm</subfield>
      <subfield code="b">IV,</subfield>
      <subfield code="c">Landgrave of Hesse,</subfield>
      <subfield code="d">1532-1592,</subfield>
      <subfield code="e">dedicatee.</subfield>
      <subfield code="4">dte</subfield>
    </datafield>
    <datafield tag="700" ind1="1" ind2=" ">
      <subfield code="a">Le Preux, Jean,</subfield>
      <subfield code="d">-1609,</subfield>
      <subfield code="e">printer.</subfield>
      <subfield code="4">prt</subfield>
    </datafield>
    <datafield tag="752" ind1=" " ind2=" ">
      <subfield code="a">Switzerland</subfield>
      <subfield code="d">Geneva,</subfield>
      <subfield code="e">publication place.</subfield>
      <subfield code="4">pup</subfield>
    </datafield>
    <datafield tag="752" ind1=" " ind2=" ">
      <subfield code="a">Switzerland</subfield>
      <subfield code="d">Morges,</subfield>
      <subfield code="e">publication place.</subfield>
      <subfield code="4">pup</subfield>
    </datafield>
  </record>